| 000 | 00611nam a2200205 a 4500 | ||
|---|---|---|---|
| 001 | hil | ||
| 003 | PILC | ||
| 005 | 20150112093429.0 | ||
| 008 | 100713s19uu xx 00 eng d | ||
| 020 | _a0321334175 | ||
| 050 |
_aQA 76.73 _b.F296 2005 |
||
| 082 |
_aCSF 005.75 _bF32 2005 |
||
| 100 |
_aFehily, Chris. _98461 |
||
| 245 |
_aVisual Quickstart guide SQL ./ _cChris Fehily. |
||
| 250 | _a2nd ed. | ||
| 260 |
_aBerkeley,CA : _bPeachpit Press, _c2005. |
||
| 300 |
_a460 pages : _billustration ; _c23 cm. |
||
| 650 |
_aSQL-database programming _xDatabase-development _xData management _98462 |
||
| 942 |
_2lcc _cBK |
||
| 999 |
_c14292 _d14292 |
||